Googling Countries Quiz Stats

 Plays Quiz Updated Aug 28, 2018

Score 0/27 Timer 03:00
2 Plays Today
Word Country % Correct
'Burrito'United States
99.2%
'Hangover'Australia
98%
'Botox'Chile
96.4%
'Love'Uganda
95.4%
'Britney Spears'El Salvador
88.5%
'Britney Spears'Canada
87.3%
'Burrito'Canada
87.3%
'Hangover'United Kingdom
84.1%
'Botox'Ireland
82.7%
'Viagra'Chile
81.8%
'Viagra'Kenya
79.1%
'IAEA' [Int'l Atomic Energy Agency]Japan
78.6%
'Viagra'Bolivia
67.5%
'Sex'Ethiopia
67.4%
Word Country % Correct
'Botox'Brazil
66.5%
'Love'Ghana
63.9%
'Hangover'Ireland
51.7%
'IAEA' [Int'l Atomic Energy Agency]India
48%
'Jihad'Malaysia
46.2%
'Burrito'New Zealand
44.4%
'Sex'Sri Lanka
43%
'Sex'Bangladesh
33.1%
'Jihad'Indonesia
26.7%
'IAEA' [Int'l Atomic Energy Agency]Austria
21.7%
'Britney Spears'United States
14.9%
'Love'Philippines
13.9%
'Jihad'Lebanon
11.5%

You're not logged in!

Compare scores with friends on all Sporcle quizzes.
OR
Log In

Sporcle TV

Today on Sporcle TV


Watch our educational content, quiz creation guides, and fun videos on Sporcle TV.

Show Comments

Extras

Top Quizzes Today


Score Distribution

Your Account Isn't Verified!

In order to create a playlist on Sporcle, you need to verify the email address you used during registration. Go to your Sporcle Settings to finish the process.

Report this User

Report this user for behavior that violates our Community Guidelines.

Details: